CTBUH 2014 Shanghai Conference - Enfang Liu, "Sustainable Vertical Urban Agglomeration"

Saved in:
書目詳細資料
其他作者: Canal CTBUH / YouTube
格式: 圖書
語言:英语
主題:
在線閱讀:CTBUH 2014 Shanghai Conference - Enfang Liu, "Sustainable Vertical Urban Agglomeration"
標簽: 添加標簽
沒有標簽, 成為第一個標記此記錄!

MARC

LEADER 00000nam a22000004a 4500
001 vpro11091
005 20201223000000.0
008 170209s2017 ck # g## #001 0#eng#d
020
022
040 |a CO-BoINGC 
041 0 |a eng 
245 1 0 |a CTBUH 2014 Shanghai Conference - Enfang Liu, "Sustainable Vertical Urban Agglomeration" 
246 |a Conferencia CTBUH 2014 Shanghai - Enfang Liu, "Aglomeracin̤ urbana vertical sostenible" 
264 |a Bogot ̀(Colombia) :  |b Revista VirtualPRO,  |c 2017 
520 3
650 \ \ |a Ingeniera̕ civil 
650 \ \ |a Civil engineering 
650 \ \ |a ingeniera̕ civil 
650 \ \ |a construccin̤ 
650 \ \ |a civil engineering 
650 \ \ |a building 
650 \ \ |a construction  
700 \ \ |a Canal CTBUH / YouTube 
856 |z CTBUH 2014 Shanghai Conference - Enfang Liu, "Sustainable Vertical Urban Agglomeration"  |u https://virtualpro.unach.elogim.com/biblioteca/conferencia-ctbuh-2014-shanghai---enfang-liu-aglomeracion-urbana-vertical-sostenible-